គីមី​វិទ្យា​ថ្នាក់​ទី​១​២​ : (Record no. 3638)

MARC details
000 -LEADER
fixed length control field 01071nam a22002537a 4500
001 - CONTROL NUMBER
control field 3638
003 - CONTROL NUMBER IDENTIFIER
control field FISKH
005 - DATE AND TIME OF LATEST TRANSACTION
control field 20240402091755.0
008 - FIXED-LENGTH DATA ELEMENTS--GENERAL INFORMATION
fixed length control field 240402b cb ||||| |||| 00| 0 eng d
020 ## - INTERNATIONAL STANDARD BOOK NUMBER
International Standard Book Number 12345854
040 ## - CATALOGING SOURCE
Original cataloging agency FISKH
Language of cataloging khr
Transcribing agency FISKH
Modifying agency FISKH
050 ## - LIBRARY OF CONGRESS CALL NUMBER
Classification number PZ7
082 ## - DEWEY DECIMAL CLASSIFICATION NUMBER
Classification number 540
100 ## - MAIN ENTRY--PERSONAL NAME
Personal name Thavy, Chey
245 ## - TITLE STATEMENT
Title គីមី​វិទ្យា​ថ្នាក់​ទី​១​២​ :
Remainder of title កំណែ​មេ​រៀន និង​លំ​ហាត់​លម្អិត (​ភាគ ១​) /
Statement of responsibility, etc. រៀបរៀងដោយ : សាស្ត្រាចារ្យ ជ័យ ថាវី
260 ## - PUBLICATION, DISTRIBUTION, ETC.
Place of publication, distribution, etc. Phnom Penh :
Name of publisher, distributor, etc. Bak Touk 2,
Date of publication, distribution, etc. 2014.
300 ## - PHYSICAL DESCRIPTION
Extent 247 pages :
Dimensions 20 cm
520 ## - SUMMARY, ETC.
Summary, etc. គីមីវិទ្យាថ្នាក់ទី១២៖ កំណែមេរៀន និងលំហាត់លម្អិត (ភាគ ១)
520 ## - SUMMARY, ETC.
Summary, etc. Chemistry Grade 12: Detailed Lessons and Exercises (Part 1)
650 ## - SUBJECT ADDED ENTRY--TOPICAL TERM
Topical term or geographic name entry element Chemistry
650 ## - SUBJECT ADDED ENTRY--TOPICAL TERM
Topical term or geographic name entry element គីមីវិទ្យា
942 ## - ADDED ENTRY ELEMENTS (KOHA)
Source of classification or shelving scheme Dewey Decimal Classification
Koha item type Khmer Books
Suppress in OPAC No
Holdings
Withdrawn status Lost status Source of classification or shelving scheme Damaged status Not for loan Collection Home library Current library Shelving location Date acquired Total Checkouts Full call number Barcode Date last seen Price effective from Koha item type
    Dewey Decimal Classification     Reference Footprints International School Library Network Toul Kork Campus Footprints International School Library Network Toul Kork Campus TK Old Khmer Books (Rear Hallway Shelf 3) 04/02/2024   THA 540 PZ7 2024-0436 04/02/2024 04/02/2024 Khmer Books